000 02081nam a2200325 4500
005 20250329165436.0
008 190730s2024 000 0 eng d
040 _aCO-CtgCURN
_bspa
_ccoctgcurn
041 0 _aspa
082 0 _aENF2024
_bV297
100 1 _aVargas Fuentes, Dina Marcela.
245 1 0 _aConocimientos y prácticas que realizan padres para el cuidado apropiado en el hogar de niños menores de 5 años en el municipio de Puerto Rico, Tiquisio 2024. /
_cDina Marcela Vargas Fuentes; Naira Carolina Gillín Medina; Emerlin Jhoana Padilla Cabarcas; Cindy Patricia Jaraba de la Cruz; directoras: Narcisa Charris Bocanegra; Diana Carolina Marsiglia López; Kendy Madero Zambrano.
260 _aCartagena de Indias :
_bCorporación Universitaria Rafael Núñez,
_c2024.
300 _a143 hojas.
336 _2rdacontent
_atext
_btxt
337 _2rdacarrier
_asin mediacion
_bn
338 _2rdacarrier
_avolumen
_bnc
502 _aTrabajo de grado (Enfermeria). Corporacion Universitaria Rafael Nuñez. Facultad de Ciencias de la salud. Enfermeria, 2024.
520 _a"La crianza de niños menores de 5 años requiere conocimientos y prácticas adecuadas por parte de los cuidadores para garantizar su bienestar y desarrollo integral. Así, es necesario comprender estos elementos, sobre todo, en los contextos donde la falta de información y la tendencia a realizar prácticas inadecuadas puedan ser comunes."
650 0 _aEnfermeria
_vTesis y disertaciones academicas.
700 1 _aGillín Medina, Naira Carolina.
700 1 _aPadilla Cabarcas, Emerlin Jhoana.
700 1 _aJaraba de la Cruz, Cindy Patricia.
700 1 _aCharris Bocanegra, Narcisa,
_edirectora.
700 1 _aMarsiglia López, Diana Carolina,
_edirectora.
700 1 _aMadero Zambrano, Kendy,
_edirectora.
856 _uhttps://unicurn.sharepoint.com/:b:/s/biblioteca/EQHOQvbDhbxGmwZCCKHq2REB1wwOWr9UvVxeJrSYG9EvWQ?e=sQFHEp
_zClick para ver el recurso en texto completo
942 _cTG
_hENF 2024
_iV297
999 _c4140
_d4140